000
00292nam a2200133Ia 4500
008
100328s9999 xx 000 0 und d
082
_b
2446
100
_a
Armstrong H. C.
245
_a
Grey Wole
260
_b
Arthur Barker
630
_a
Grey Wole
730
_a
Grey Wole
942
_c
BOOK
999
_c
498659
_d
498656